[Event "HUN-chT2 Szechenyi 0910"]
[Site "Hungary"]
[Date "2010.03.14"]
[Round "6.3"]
[White "Tako, Helga"]
[Black "Csaba, Arpad"]
[Result "1/2-1/2"]
[WhiteElo "2049"]
[BlackElo "2120"]
[PlyCount "62"]
[EventDate "2009.11.08"]
[EventType "team-tourn"]
[EventRounds "11"]
[EventCountry "HUN"]
[SourceTitle "EXT 2011"]
[Source "ChessBase"]
[SourceDate "2010.11.26"]
[SourceVersion "1"]
[SourceVersionDate "2010.11.26"]
[SourceQuality "1"]
[WhiteTeam "Arboretum"]
[BlackTeam "Ajka Banyasz"]
[WhiteTeamCountry "HUN"]
[BlackTeamCountry "HUN"]

1. e4 g6 2. Nf3 Bg7 3. d4 d6 4. Bd3 Nf6 5. c3 0-0 6. 0-0 c6 7. Nbd2 Qc7 8. Qc2 e5 9. dxe5 dxe5 10. Nc4 Nbd7 11. b3 b5 12. Ne3 Rb8 13. c4 Nc5 14. cxb5 Nxd3 15. Qxd3 cxb5 16. Bb2 Ng4 17. Nd5 Qd6 18. h3 Nh6 19. Qe3 f5 20. Bxe5 Bxe5 21. Nxe5 Qxe5 22. Qxh6 fxe4 23. Ne3 Be6 24. Rac1 Rf4 25. h4 Rbf8 26. Qg5 Qf6 27. Qxf6 R4xf6 28. Rc7 R8f7 29. Rxf7 Bxf7 30. Rc1 Ra6 31. Rc2 Be6 1/2-1/2

[Event "HUN-chT2 Szechenyi 0910"]
[Site "Hungary"]
[Date "2010.01.17"]
[Round "4.3"]
[White "Csaba, Arpad"]
[Black "Gaber, Jozsef"]
[Result "1/2-1/2"]
[WhiteElo "2120"]
[BlackElo "2120"]
[PlyCount "120"]
[EventDate "2009.11.08"]
[EventType "team-tourn"]
[EventRounds "11"]
[EventCountry "HUN"]
[SourceTitle "EXT 2011"]
[Source "ChessBase"]
[SourceDate "2010.11.26"]
[SourceVersion "1"]
[SourceVersionDate "2010.11.26"]
[SourceQuality "1"]
[WhiteTeam "Ajka Banyasz"]
[BlackTeam "Zala Volan"]
[WhiteTeamCountry "HUN"]
[BlackTeamCountry "HUN"]

1. d4 d5 2. Nf3 Nf6 3. Bg5 e6 4. e3 h6 5. Bh4 Be7 6. Nbd2 0-0 7. Bd3 b6 8. e4 dxe4 9. Nxe4 Bb7 10. Qe2 Nbd7 11. c3 a5 12. 0-0 a4 13. a3 Nxe4 14. Bxe4 Bxe4 15. Qxe4 Bxh4 16. Nxh4 Nf6 17. Qe2 Ra5 18. Nf3 c5 19. Rad1 Qc7 20. Rfe1 Rc8 21. Qc4 cxd4 22. Qxc7 Rxc7 23. Rxd4 Kf8 24. Re2 Ke7 25. Kf1 Rd7 26. g3 Rdd5 27. h4 g6 28. Red2 Rab5 29. Ke2 Rxd4 30. Nxd4 Rc5 31. Nf3 e5 32. Kd1 Ke6 33. Kc2 Ng4 34. Re2 f5 35. Nd2 Nf6 36. c4 Ne8 37. Kc3 Nd6 38. Kb4 Ra5 39. f3 Nb7 40. Nf1 Nc5 41. Ne3 Na6+ 42. Kc3 b5 43. Rd2 bxc4 44. Nxc4 Rd5 45. Rxd5 Kxd5 46. Nb6+ Kc6 47. Nxa4 g5 48. Kc4 f4 49. gxf4 gxh4 50. Nc3 h3 51. Ne4 h2 52. Nf2 exf4 53. Kd4 Kb5 54. b4 Nc7 55. Ke5 Ka4 56. Kxf4 Kxa3 57. Kg3 Kxb4 58. Kxh2 Nd5 59. Kg3 Kc4 60. Kh4 Kd4 1/2-1/2

[Event "HUN-chT2 Szechenyi 0910"]
[Site "Hungary"]
[Date "2009.12.06"]
[Round "3.3"]
[White "Pinterne, Kovacs Marta"]
[Black "Csaba, Arpad"]
[Result "1/2-1/2"]
[WhiteElo "2145"]
[BlackElo "2120"]
[PlyCount "93"]
[EventDate "2009.11.08"]
[EventType "team-tourn"]
[EventRounds "11"]
[EventCountry "HUN"]
[SourceTitle "EXT 2011"]
[Source "ChessBase"]
[SourceDate "2010.11.26"]
[SourceVersion "1"]
[SourceVersionDate "2010.11.26"]
[SourceQuality "1"]
[WhiteTeam "Keszthely"]
[BlackTeam "Ajka Banyasz"]
[WhiteTeamCountry "HUN"]
[BlackTeamCountry "HUN"]

1. d4 c5 2. Nf3 cxd4 3. Nxd4 d5 4. Bf4 Nc6 5. Nc3 Nf6 6. e3 a6 7. Be2 e6 8. a3 Bd6 9. Bg3 Bxg3 10. hxg3 e5 11. Nb3 Qd6 12. g4 Be6 13. Na4 Nd7 14. Bf3 Ke7 15. Nc3 e4 16. Be2 h6 17. Nd4 Nf6 18. Nxe6 Qxe6 19. Qd2 Rhd8 20. 0-0-0 b5 21. Kb1 Rac8 22. f3 Kf8 23. Rh4 d4 24. Nxe4 Nxe4 25. fxe4 Qxe4 26. exd4 Rxd4 27. Bd3 Qe7 28. g3 Rcd8 29. Re1 Qd6 30. Qe3 g5 31. Rh3 Rxg4 32. Qf3 Rd4 33. Qf5 Ne7 34. Qh7 Ng8 35. Rhh1 Rxd3 36. cxd3 Qxd3+ 37. Qxd3 Rxd3 38. g4 Rd4 39. Rhg1 Kg7 40. Rg2 Nf6 41. Reg1 b4 42. axb4 Rxb4 43. Ka2 Kg6 44. Ka3 a5 45. b3 Rf4 46. Rg3 Kg7 47. R1g2 1/2-1/2

[Event "HUN-chT2 Szechenyi 0910"]
[Site "Hungary"]
[Date "2009.11.22"]
[Round "2.3"]
[White "Csaba, Arpad"]
[Black "Soos, Lajos"]
[Result "0-1"]
[WhiteElo "2120"]
[BlackElo "2020"]
[PlyCount "64"]
[EventDate "2009.11.08"]
[EventType "team-tourn"]
[EventRounds "11"]
[EventCountry "HUN"]
[SourceTitle "EXT 2011"]
[Source "ChessBase"]
[SourceDate "2010.11.26"]
[SourceVersion "1"]
[SourceVersionDate "2010.11.26"]
[SourceQuality "1"]
[WhiteTeam "Ajka Banyasz"]
[BlackTeam "Kertvaros"]
[WhiteTeamCountry "HUN"]
[BlackTeamCountry "HUN"]

1. d4 Nf6 2. Bg5 Ne4 3. Bh4 d5 4. f3 Nd6 5. Nc3 c6 6. e4 Qa5 7. Qd2 e6 8. Bf2 b5 9. Bd3 Nc4 10. Bxc4 dxc4 11. Nd1 Bb4 12. c3 Be7 13. Ne3 0-0 14. Ne2 Rd8 15. 0-0 Bb7 16. Qc2 Nd7 17. b3 cxb3 18. axb3 Qc7 19. c4 b4 20. Rfd1 a5 21. f4 c5 22. d5 exd5 23. cxd5 Nb6 24. Nf5 Bf8 25. Bd4 Qd7 26. Bb2 g6 27. Ne3 Qb5 28. Nc4 Nxc4 29. bxc4 Qb6 30. e5 Bg7 31. Ng3 a4 32. Rxa4 b3 0-1

[Event "HUN-chT2 Szechenyi 0910"]
[Site "Hungary"]
[Date "2009.05.02"]
[Round "11.4"]
[White "Bartha, Sandor"]
[Black "Csaba, Arpad"]
[Result "1/2-1/2"]
[WhiteElo "2193"]
[BlackElo "2141"]
[PlyCount "74"]
[EventDate "2009.11.08"]
[EventType "team-tourn"]
[EventRounds "11"]
[EventCountry "HUN"]
[SourceTitle "EXT 2011"]
[Source "ChessBase"]
[SourceDate "2010.11.26"]
[SourceVersion "1"]
[SourceVersionDate "2010.11.26"]
[SourceQuality "1"]
[WhiteTeam "BSC"]
[BlackTeam "Ajka Banyasz"]
[WhiteTeamCountry "HUN"]
[BlackTeamCountry "HUN"]

1. d4 e6 2. Nf3 d5 3. Bf4 Bd6 4. Bg3 f5 5. e3 Nf6 6. Bxd6 Qxd6 7. c3 0-0 8. Ne5 b6 9. f4 Ba6 10. Bxa6 Nxa6 11. Nd2 c5 12. Qe2 Nb8 13. 0-0 Nbd7 14. Rf3 Ne4 15. Nxe4 dxe4 16. Rff1 Nxe5 17. dxe5 Qe7 18. Rad1 Rfd8 19. Qb5 h6 20. g3 Rxd1 21. Rxd1 Rd8 22. Qb3 Kf7 23. c4 Rd7 24. Kf2 Qd8 25. Ke2 Rxd1 26. Qxd1 Qxd1+ 27. Kxd1 g5 28. Ke2 Kg6 29. Kf2 a6 30. b3 Kh5 31. h3 g4 32. h4 Kg6 33. Ke2 Kf7 34. Kd2 Ke7 35. Kc3 Kd7 36. a3 Kc6 37. a4 a5 1/2-1/2

[Event "HUN-chT2 Szechenyi 0809"]
[Site "Hungary"]
[Date "2009.04.05"]
[Round "10.4"]
[White "Csaba, Arpad"]
[Black "Toronyi, David"]
[Result "0-1"]
[WhiteElo "2150"]
[BlackElo "2071"]
[PlyCount "92"]
[EventDate "2008.10.26"]
[EventType "tourn"]
[EventRounds "11"]
[EventCountry "HUN"]
[SourceTitle "EXT 2010"]
[Source "ChessBase"]
[SourceDate "2010.11.25"]
[SourceVersion "1"]
[SourceVersionDate "2010.11.25"]
[SourceQuality "1"]
[WhiteTeam "Ajka Banyasz"]
[BlackTeam "Tapolca II"]
[WhiteTeamCountry "HUN"]
[BlackTeamCountry "HUN"]

1. Nf3 d5 2. d4 Nf6 3. Bg5 e6 4. e3 Be7 5. Bd3 0-0 6. Nbd2 Nbd7 7. 0-0 c5 8. c3 b6 9. Ne5 Bb7 10. f4 cxd4 11. exd4 Ne4 12. Bxe7 Qxe7 13. Bb5 Nxe5 14. fxe5 Qg5 15. Nxe4 dxe4 16. Qe1 f5 17. exf6 Qxb5 18. Qg3 Qd7 19. Rf4 Kh8 20. Raf1 gxf6 21. Rxf6 Rxf6 22. Rxf6 Bd5 23. b3 b5 24. Qe5 Qg7 25. Kf2 Kg8 26. Ke3 a6 27. g3 Rf8 28. Rxf8+ Qxf8 29. Qg5+ Qg7 30. Qf4 h6 31. h4 Qf8 32. Qg4+ Kh7 33. c4 bxc4 34. bxc4 Qa3+ 35. Kf4 Qf3+ 36. Qxf3 exf3 37. cxd5 f2 38. dxe6 f1Q+ 39. Ke5 Kg7 40. d5 Qb5 41. g4 Kf8 42. g5 hxg5 43. hxg5 Ke7 44. g6 Qe2+ 45. Kf5 Qd3+ 46. Ke5 Qxg6 0-1

[Event "HUN-chT2 Szechenyi 0809"]
[Site "Hungary"]
[Date "2008.11.30"]
[Round "3.4"]
[White "Csaba, Arpad"]
[Black "Demeny, Antal"]
[Result "1/2-1/2"]
[WhiteElo "2150"]
[BlackElo "2143"]
[PlyCount "27"]
[EventDate "2008.10.26"]
[EventType "tourn"]
[EventRounds "11"]
[EventCountry "HUN"]
[SourceTitle "EXT 2010"]
[Source "ChessBase"]
[SourceDate "2010.11.25"]
[SourceVersion "1"]
[SourceVersionDate "2010.11.25"]
[SourceQuality "1"]
[WhiteTeam "Ajka Banyasz"]
[BlackTeam "Veszprem"]
[WhiteTeamCountry "HUN"]
[BlackTeamCountry "HUN"]

1. d4 d5 2. c4 e6 3. Nc3 Nf6 4. Bg5 Be7 5. e3 0-0 6. cxd5 exd5 7. Bd3 Nbd7 8. Qc2 c6 9. Nf3 h6 10. Bh4 Re8 11. 0-0 Ne4 12. Bxe7 Qxe7 13. Nd2 Ndf6 14. Rae1 1/2-1/2

[Event "HUN-chT2 Szechenyi 0809"]
[Site "Hungary"]
[Date "2008.10.26"]
[Round "1.4"]
[White "Csaba, Arpad"]
[Black "Babits, Andras"]
[Result "0-1"]
[WhiteElo "2150"]
[BlackElo "2163"]
[PlyCount "46"]
[EventDate "2008.10.26"]
[EventType "tourn"]
[EventRounds "11"]
[EventCountry "HUN"]
[SourceTitle "EXT 2010"]
[Source "ChessBase"]
[SourceDate "2010.11.25"]
[SourceVersion "1"]
[SourceVersionDate "2010.11.25"]
[SourceQuality "1"]
[WhiteTeam "Ajka Banyasz"]
[BlackTeam "Keszthely"]
[WhiteTeamCountry "HUN"]
[BlackTeamCountry "HUN"]

1. d4 Nf6 2. Nf3 d6 3. g3 g6 4. Bg2 Bg7 5. 0-0 0-0 6. c4 Nc6 7. Nc3 Bg4 8. h3 Bxf3 9. Bxf3 Nd7 10. Be3 e5 11. Bxc6 bxc6 12. d5 c5 13. Qd2 Rb8 14. Ne4 f5 15. Ng5 f4 16. gxf4 exf4 17. Bxf4 Qf6 18. Ne6 Rxb2 19. Qe3 Re8 20. Rab1 Rxa2 21. Bg5 Qf7 22. Rb7 Nf8 23. Qb3 Rb2 0-1

[Event "HUN-chT2 Szechenyi 0607"]
[Site "Hungary"]
[Date "2007.05.20"]
[Round "11"]
[White "Takacs, Tamas1"]
[Black "Csaba, Arpad"]
[Result "1/2-1/2"]
[WhiteElo "2174"]
[BlackElo "2173"]
[PlyCount "33"]
[EventDate "2006.11.12"]
[EventType "team-tourn"]
[EventRounds "11"]
[EventCountry "HUN"]
[SourceTitle "EXT 2008"]
[Source "ChessBase"]
[SourceDate "2007.11.25"]
[SourceVersion "1"]
[SourceVersionDate "2007.11.25"]
[SourceQuality "1"]
[WhiteTeam "Peti MTE"]
[BlackTeam "Ajka Banyasz"]
[WhiteTeamCountry "HUN"]
[BlackTeamCountry "HUN"]

1. e4 c5 2. Nf3 Nc6 3. d4 cxd4 4. Nxd4 Nf6 5. Nc3 d6 6. Bc4 e6 7. 0-0 Be7 8. Be3 0-0 9. f3 a6 10. Qd2 Qc7 11. Bb3 Na5 12. a4 Nc4 13. Bxc4 Qxc4 14. a5 Bd7 15. b3 Qc7 16. Na4 Bxa4 17. Rxa4 1/2-1/2

[Event "HUN-chT2 Szechenyi 0607"]
[Site "Hungary"]
[Date "2007.03.04"]
[Round "6"]
[White "Tamas, Gyorgy"]
[Black "Csaba, Arpad"]
[Result "1-0"]
[WhiteElo "2148"]
[BlackElo "2173"]
[PlyCount "59"]
[EventDate "2006.11.12"]
[EventType "team-tourn"]
[EventRounds "11"]
[EventCountry "HUN"]
[SourceTitle "EXT 2008"]
[Source "ChessBase"]
[SourceDate "2007.11.25"]
[SourceVersion "1"]
[SourceVersionDate "2007.11.25"]
[SourceQuality "1"]
[WhiteTeam "Zala Volan"]
[BlackTeam "Ajka Banyasz"]
[WhiteTeamCountry "HUN"]
[BlackTeamCountry "HUN"]

1. Nf3 g6 2. d4 Bg7 3. c4 Nf6 4. Nc3 0-0 5. e4 d6 6. Be2 Nbd7 7. h3 e5 8. dxe5 dxe5 9. Be3 c6 10. 0-0 Qc7 11. Qc2 b6 12. Rfd1 Re8 13. b4 Nf8 14. c5 Ne6 15. cxb6 axb6 16. Na4 Nd7 17. Rac1 Qa7 18. Nxb6 Nxb6 19. Qxc6 Bb7 20. Qxb6 Qxb6 21. Bxb6 Rxa2 22. Bc4 Rb2 23. Bxe6 fxe6 24. Rc7 Bxe4 25. Rdd7 Bf8 26. Ng5 Rxb4 27. Ba5 Ra4 28. Bc3 h6 29. Nh7 Be7 30. Rxe7 1-0